Classifica Pallone d'Oro 2022 - Statistics

Statistiche generali
  • Questo quiz è stato fatto 212 volte
  • Il punteggio medio è 23 su 30
Statistiche sulle risposte
Punti Nazione Squadra Calciatore % Corretto
549 Francia Real Madrid Karim Benzema
98%
85 Francia Paris Saint-Germain Kylian Mbappé
98%
116 Egitto Liverpool Mohamed Salah
98%
18 Norvegia Borussia Dortmund Erling Haaland
97%
175 Belgio Manchester City Kevin De Bruyne
97%
20 Croazia Real Madrid Luka Modrić
97%
2 Portogallo Milan Rafael Leão
97%
5 Corea del Sud Tottenham Son Heung-min
96%
193 Senegal Liverpool Sadio Mané
95%
0 Portogallo Juventus / Manchester United Cristiano Ronaldo
94%
170 Polonia Bayern Monaco Robert Lewandowski
92%
1 Serbia Fiorentina / Juventus Dušan Vlahović
89%
0 Inghilterra Tottenham Harry Kane
89%
82 Belgio Real Madrid Thibaut Courtois
89%
4 Algeria Manchester City Riyad Mahrez
88%
0 Portogallo Manchester City Bernardo Silva
80%
0 Francia Milan Mike Maignan
80%
1 Paesi Bassi Liverpool Virgil van Dijk
80%
0 Uruguay Benfica Darwin Núñez
66%
0 Inghilterra Manchester City Phil Foden
66%
1 Brasile Real Madrid Casemiro
64%
61 Brasile Real Madrid Vinicius Jr.
63%
0 Portogallo Manchester City João Cancelo
61%
0 Germania Bayern Monaco Joshua Kimmich
59%
0 Inghilterra Liverpool Trent Alexander-Arnold
54%
0 Germania Chelsea Antonio Rüdiger
53%
1 Colombia Porto / Manchester City Luis Díaz
52%
2 Francia / Costa d'Avorio Ajax Sébastien Haller
51%
0 Francia Red Bull Lipsia Christopher Nkunku
50%
2 Brasile Liverpool Fabinho
50%
Nessun quiz corrispondente trovato
Distribuzione punteggi
Percentuale di utenti per punteggio
Percentile per numero di risposta
I tuoi punteggi nel tempo
Non hai fatto questo quiz